000 00848nam a2200265 i 4500
001 142631
003 ES-MaACL
005 20250831062447.0
007 t|
008 071009s1949 sp ||||1| spa d
040 _cES-MaACL
080 _a238.1:282
100 1 _aVilariño, Remigio,
_d1865-1939
_9114818
_eaut
245 1 0 _aPuntos de catecismo /
_cexpuestos por Remigio Vilariño.
250 _a10ª ed. rev. y corr. /
_bpor Felipe de Aguirre.
260 _aBilbao :
_bEl Mensajero del Corazón,
_c1949.
300 _a1335 páginas ;
_c21 cm.
610 2 7 _aIglesia Católica-
_xDoctrinas
_2
_9151420
655 7 _9234608
_aCatecismos
700 1 _aAguirre, Felipe de.
_918817
_epbl
852 _aES-MaACL
_cSPAL
_jC-5791
_bR. 34747
942 _cMONOGRAFIA
_n0
999 _c142631
_d142631